Statistics for Easy- Two letter element symbols

Click here to take the quiz!

General Stats

  • This quiz has been taken 12 times
  • The average score is 11 of 15

Answer Stats

HintAnswer% Correct
HeHelium
100%
LiLithium
92%
MgMagnesium
92%
AlAluminium
83%
NaSodium
83%
ArArgon
75%
ClChlorine
75%
NeNeon
75%
TiTitanium
75%
CaCalcium
67%
SiSilicon
67%
CrChromium
58%
MnManganese
58%
BeBerylium
50%
ScScandium
50%

Score Distribution

Percentile by Number Answered

Percent of People with Each Score

Your Score History

You have not taken this quiz